Miscellaneous 4 - Statistics

General Stats
  • This quiz has been taken 11 times
  • The average score is 9 of 21
Answer Stats
Hint Answer % Correct
Which animal has 3 hearts? Octopus
100%
What gas was discovered on the sun before Earth & is the second-most abundant gas in the universe? Helium
89%
Which U.S. president was a peanut farmer before politics? Jimmy / Carter
89%
Who is Woody's love interest in Toy Story? Bo Peep
78%
In soccer, what is it called when a player scores three goals in a single match? Hat Trick
78%
Which superhero is Lex Luthor the arch-nemesis of? Superman
78%
What's the only mammal that can fly? Bat
67%
Name one of the three Baltic states. Estonia / Latvia / Lithuania
67%
What insect is known for its 17-year life cycle? Cicada
56%
What’s the name of Iron Man's virtual assistant? Jarvis
44%
Manx, Birman, & Somali are all examples of... Cats / Breeds
33%
A book from before the year ____ is referred to as an incunabulum. 1500 / 1501
22%
Cortado, Doppio, & Excelsa are all examples of... Coffee
22%
What is the name of Cleveland Brown's wife or ex-wife from Family Guy? Donna / Loretta
22%
In The Grim Adventures of Billy & Mandy, what accent did Grim have? Jamaican
22%
Which NBA player claims that he used to drink 3 liters of Coca Cola per day. Nikola / Jokic
22%
What is the stage name of rapper Belcalis Marlenis Almanzar? Cardi B
11%
What is the only Dragon/Ice type Pokemon? Kyurem
11%
What did Heavy name his minigun in TF2? Sasha
11%
Name any of Giannis Antetokounmpo's brothers. Thanasis / Alex / Kostas
11%
What ethnicity was the creator of Flappy Bird? Vietnamese
11%
No matching quizzes found
Score Distribution
Percent of People with Each Score
Percentile by Number Answered
Your Score History
You have not taken this quiz